| 000 | 00804nas a2200253 4500 | ||
|---|---|---|---|
| 001 | BR9202181 | ||
| 003 | BR-BrBNA | ||
| 005 | 20231205092448.0 | ||
| 007 | ta | ||
| 008 | 230509b bl.|||p| |||| 00| 00por d | ||
| 040 |
_aBR-BrBNA _bpor _cBiblioteca Nacional de Agricultura |
||
| 041 | _a(Pt) | ||
| 072 | _aF03; F50 | ||
| 100 | 1 | _aGroth, D. | |
| 100 | 1 | _aJamardo, A. | |
| 245 | 1 | _aCaracterizacao morfologica de quatro especies invasoras da familia Verbenaceae atraves das unidades de dispersao e das plantulas | |
| 650 | _aSEMENTE | ||
| 650 | _aMORFOLOGIA VEGETAL | ||
| 650 | _aPLANTULA | ||
| 650 | _aERVA DANINHA | ||
| 773 | 0 |
_tRevista Brasileira de Sementes (Brazil) _xISSN 0101-3122 _g(1988), v. 10(2) p. 33-44 _wBR9202181 |
|
| 909 |
_a202311 _bLúcia _c55 _dLúcia Elande |
||
| 942 |
_2AGRIS _n0 _cANA |
||
| 999 |
_c131888 _d131888 |
||